Characterisation of the flavour of fresh bell peppers and its changes after hot-air drying ; an instrumental and sensory evaluation (Record no. 27860)

MARC details
000 -LEADER
fixed length control field 00527 a2200193 4500
020 ## - NUMERO INTERNATIONAL NORMALISE DES LIVRES
International Standard Book Number 90-5485-421-9
100 ## - VEDETTE PRINCIPALE - NOM DE PERSONNE
Personal name LUNING, Pieternelle A.
130 ## - VEDETTE PRINCIPALE - TITRE UNIFORME
Language of a work En
260 ## - PUBLICATION, DISTRIBUTION, ETC. (IMPRINT)
Place of publication, distribution, etc Wageningen
260 ## - PUBLICATION, DISTRIBUTION, ETC. (IMPRINT)
Name of publisher, distributor, etc Landbouwuniversiteit
245 ## - TITLE STATEMENT
Title Characterisation of the flavour of fresh bell peppers and its changes after hot-air drying ; an instrumental and sensory evaluation
260 ## - PUBLICATION, DISTRIBUTION, ETC. (IMPRINT)
Date of publication, distribution, etc 1995
300 ## - PHYSICAL DESCRIPTION
Extent 217p.
300 ## - PHYSICAL DESCRIPTION
Other physical details couv. ill. en coul.
650 ## - SUBJECT ADDED ENTRY--TOPICAL TERM
Topical term or geographic name as entry element PIMENT DOUX
690 ## - LOCAL SUBJECT ADDED ENTRY--TOPICAL TERM (OCLC, RLIN)
Topical term or geographic name as entry element FLAVOUR
Holdings
Withdrawn status Lost status Damaged status Not for loan Location (home branch) Sublocation or collection (holding branch) Date acquired Koha issues (times borrowed) Koha full call number Koha date last seen Copy number Price effective from Koha item type Public note
        Bibliothèque-Centre de Documentation de la Faculté des Sciences Agronomiques Bibliothèque-Centre de Documentation de la Faculté des Sciences Agronomiques     NSA.1995.026 28/02/2009 1 28/02/2009 Livre A.6996


© 2008, Bibliothèques de l'Université d'Abomey-Calavi

04 BP 789 Cotonou, Tél. : +229 21 36 01 01, Fax : +229 21 35 06 32

Courriel : bu@bu.uac.bj